000 00829cam a22002293a 4500
001 12350
003 PGUSA
005 20140828083248.0
008 040501s2004||||xxu|||||s|||||000 | eng d
040 _aPGUSA
_beng
042 _adc
050 4 _aTX
100 1 _aGreenbaum, Florence Kreisler
245 1 4 _aThe International Jewish Cook Book :
_b1600 Recipes According to the Jewish Dietary Laws with the Rules for Kashering; the Favorite Recipes of America, Austria, Germany, Russia, France, Poland, Roumania, Etc., Etc.
_h[electronic resource] /
_cFlorence Kreisler Greenbaum
260 _bProject Gutenberg,
_c2004
506 _aPublic domain in the USA.
516 _aElectronic text
653 _aJewish cooking
830 0 _aProject Gutenberg
_v12350
856 4 0 _uhttp://www.gutenberg.org/ebooks/12350
942 _cEB
999 _c241605
_d241605